Представление документа в формате RUSMARC

ПолеНазваниеЗначение
  Тип записи a
  Библиографический уровень c
001 Контрольный номер RU/IS/BASE/363277598
005 Дата корректировки 20250526112735.1
010 Индекс ISBN __
a ISBN 978-5-8243-1235-5
d Цена 385-00
101 Язык документа 0_
a Язык текста rus
200 Заглавие и сведения об ответственности 0_
a Заглавие Избранное
f Первые сведения об ответственности Федор Михайлович Достоевский ; сост., авт. вступ. ст. и коммент.: Т. А. Касаткина ; Ин-т обществ. мысли
b Общее обозначение материала Текст
210 Выходные данные 1_
a Место издания М.
c Издательство РОССПЭН
d Дата издания 2010
215 Физическое описание __
a Объем 904 с.
225 Серия 2_
a Серия Библиотека отечественной общественной мысли с древнейших времен до начала XX века
320 Библиография __
a Библиография Библиогp.: с. 886 . - Указ. имен : с. 888-895
327 Примечание о содержании 0_
a Примечание о содержании Братья Карамазовы : гл. из романа
327 Примечание о содержании 0_
a Примечание о содержании Дневник писателя
327 Примечание о содержании 0_
a Примечание о содержании Избранные письма
330 Аннотация __
a Аннотация Каждый, кто всерьез принимается за чтение Достоевского, встает в очень личные к нему отношения. Достоевский вызывает своих читателей на разговор, длящийся уже больше века, не теряя остроты, накала, страстности, отчаянной смелости мысли. Все они становятся философами, вступив в этот разговор. Достоевский ставит человека перед последними вопросами, самыми важными - и самыми страшными - в жизни; перед вопросами, не ответив на которые, нельзя жить, нельзя умереть.
333 Примечание о целевом назначении __
a Примечание о целевом назначении 16+. Для детей старше 16 лет
600 Персоналии _1
a Персоналии (Фамилия) Достоевский, Ф. М.
g Полное имя Федор Михайлович
600 Персоналии _1
a Персоналии (Фамилия) Санд, Ж.
605 Заглавие как предмет __
a Заглавие Братья Карамазовы
606 Тематические рубрики __
a Основная рубрика Художественная литература
606 Тематические рубрики __
a Основная рубрика Русская литература XIX в. (произведения)
610 Ключевые слова 0_
a Ключевые слова персоналии; писатели; биографии; литературное творчество; переписка; письма; литературные статьи; литературные персонажи; литературная деятельность; общественная мысль; романы
686 Индексы других классификаций __
a Классификационный индекс 84(2=411.2)52-4
700 Автор _1
a Фамилия Достоевский
b Имя Ф. М.
4 Код отношения 070
702 Вторичная интеллектуальная ответственность _1
a Фамилия Касаткина
b Имя Т. А.
4 Код отношения Составитель
702 Вторичная интеллектуальная ответственность _1
a Фамилия Усманов
b Имя А. Б.
4 Код отношения Руководитель проекта
702 Вторичная интеллектуальная ответственность _1
a Фамилия Опенкин
b Имя Л. А.
4 Код отношения Редактор
702 Вторичная интеллектуальная ответственность _1
a Фамилия Данилевский
b Имя И. Н.
4 Код отношения Редактор
702 Вторичная интеллектуальная ответственность _1
a Фамилия Каменский
b Имя А. Б.
4 Код отношения Редактор
702 Вторичная интеллектуальная ответственность _1
a Фамилия Канищева
b Имя Н. И.
4 Код отношения Редактор
702 Вторичная интеллектуальная ответственность _1
a Фамилия Сорокин
b Имя А. К.
4 Код отношения Редактор
702 Вторичная интеллектуальная ответственность _1
a Фамилия Шелохаев
b Имя В. В.
4 Код отношения Редактор
801 Источник записи _0
a Страна RU
b Организация Муниципальное бюджетное учреждение культуры "Централизованная библиотечная система" г. Сургут (Центральная городская библиотека им. А. С. Пушкина)
g Правила каталогизации КИК/Елгина
801 Источник записи _1
a Страна RU
b Организация Муниципальное бюджетное учреждение культуры "Централизованная библиотечная система" г. Сургут (Центральная городская библиотека им. А. С. Пушкина)
g Правила каталогизации КИК/Елгина
852 Данные о местонахождении __
j Шифр хранения 84(2=411.2)52-4
i Авторский знак Д 70
901 Тип документа 1_
t Тип документа x
903 Характеристики (МАРС) __
a Дата передачи 20110706
990 Данные о заказе (DOS) __
j Количество экземпляров (DOS) 1
t N записи в КСУ для И/У (DOS) 201108